|
|
|
|
| LEADER |
00783nab a2200229 i 4500 |
| 001 |
misc61809 |
| 005 |
20230117151822.0 |
| 008 |
220704s1964 hu o 0|| ger d |
| 040 |
|
|
|a SZTE Miscellanea Repozitórium
|b hun
|
| 041 |
|
|
|a ger
|
| 100 |
1 |
|
|a Matuz József
|
| 245 |
1 |
0 |
|a Eine Beschreibung des Khanats der Krim aus dem Jahre 1669
|h [elektronikus dokumentum] /
|c Matuz József
|
| 260 |
|
|
|c 1964
|
| 300 |
|
|
|a 129-151
|c 24 cm
|
| 300 |
|
|
|a [23] p.
|c 24 cm
|
| 490 |
0 |
|
|a Acta Orientalia
|
| 561 |
|
|
|a Németh Gyula hagyaték
|
| 591 |
|
|
|a LOA 2360; NOA 3483
|
| 650 |
|
4 |
|a Bölcsészettudományok
|
| 650 |
|
4 |
|a Történettudomány és régészet
|
| 695 |
|
|
|a Krími Kánság - dán forrás - 17. sz.
|
| 856 |
4 |
0 |
|u http://misc.bibl.u-szeged.hu/61809/1/3483_noa_m44.pdf
|z Dokumentum-elérés
|